La Organización administrativa en su contexto social / Salvatore Cimmino ; [estudio preliminar: Francisco Ansón Oliart y E. Sánchez] ; [traducción: Francisco Ansón Oliart] Francisco Ansón Oliart y E. Sánchez] ; [traducción:
MARC
| LEADER | 00000nam a2200000Ia 4500 | ||
|---|---|---|---|
| 001 | 213 | ||
| 008 | 160829s1965 xx 000 0 cat d | ||
| 080 | |a M-4-160 | ||
| 100 | |a Cimmino, Salvatore |9 27053 | ||
| 245 | |a La Organización administrativa en su contexto social / Salvatore Cimmino ; [estudio preliminar: |b Francisco Ansón Oliart y E. Sánchez] ; [traducción: |b Francisco Ansón Oliart] | ||
| 260 | |a [Madrid] : |b Centro de Formación y Perfeccionamiento de Funcionarios, |c 1965 | ||
| 300 | |a 286 p. ; |c 22 cm | ||
| 490 | |a Estudios administrativos ; 3 | ||
| 590 | |a Bibliografia | ||
| 650 | |a Administració pública |x Aspectes psicològics |9 27054 | ||
| 650 | |a Administracio publica |x Aspectes socials |9 27055 | ||
| 700 | 1 | |a Ansón Oliart, Francisco |9 27056 | |
| 700 | |a Sánchez García, Eleuterio, pr. |9 27057 | ||
| 710 | 2 | |a Centro de Formación y Perfeccionamiento de Funcionarios (Alcalá de Henares, Madrid) |9 54841 | |
| 901 | |a Arxiu | ||
| 942 | |n 1 | ||
| 952 | |0 0 |1 0 |4 0 |6 M4160 |7 1 |9 44255 |a Arxiu |b Arxiu |d 2016-12-01 |l 0 |o M-4-160 |p 213 |r 2016-12-01 00:00:00 |w 2016-12-01 |y ARXIU | ||
| 999 | |c 46835 |d 46835 | ||